000 00822nas a22002177a 4500
003 NALT
005 20210222125228.0
008 210222b th |||p| |||| 00| 0 tha d
022 _a16867319 (Online)
040 _aNALT
041 _atha
245 0 0 _aการจัดการสมัยใหม่
260 _aสาขาวิชาวิทยาการจัดการ มหาวิทยาลัยสุโขทัยธรรมาธิราช
310 _aรายหกเดือน
500 _aวารสารอิเล็กทรอนิกส์
650 _2การจัดการ
850 _aNALT
856 _uhttps://so04.tci-thaijo.org/index.php/NDJ/issue/archive
942 _cJNR
_2lcc
998 _ajintana
_j755
_k จินตนา เอี่ยมคง
999 _c98032
_d98032